LEADER 01675nam a2200337 u 4500 001 000000028649 003 CaOOAMICUS 005 20070226111827.0 008 960918s1996 gw u000 u eng u 020 $a3161465342 035 $a10742088 040 $aIPA$bita 100 1 $aHvalvik, Reidar.$0(OLS)http://pul/name/23290 245 14$aThe struggle for Scripture and covenant :$bthe purpose of the Epistle of Barnabas and Jewish-Christian competition in the second century /$cby Reidar Hvalvik. 260 $aTübingen :$bMohr,$cc1996. 300 $axiii, 415 p. ;$c24 cm 490 1 $aWissenschaftliche Untersuchungen zum Neuen Testament.$aReihe 2 ;$v82 500 $aCompende indici. 500 $aRevised version of author's dissertation -- Norwegian Lutheran School of Theology, 1994. 504 $aBibliografia: p. 343-381. 630 04$aEpistola Barnabae.$0(OLS)http://pul/subject/7844 650 4$aCristianesimo e altre religioni$xGiudaismo.$0(OLS)http://pul/subject/2372 830 0$aWissenschaftliche Untersuchungen zum Neuen Testament.$nReihe 2 ;$v82.$0(OLS)http://pul/title/264 850 $aPUL 852 $aPUL$W1$xSL Religione 1$y3$m16 I 82$j39753$nBK-PRI$b $qStampati$B39753$CPULBib$Z2$F39753 $H $81 941 1 $a8 960 $aGiudaismo$xRelazioni$xCristianesimo$92372 961 $aINV: 89645 996 $6020$a3161465342$9(OLS)http://pul/number/35577 996 $6245$aThe struggle for Scripture and covenant :$bthe purpose of the Epistle of Barnabas and Jewish-Christian competition in the second century$9(OLS)http://pul/title/39113 996 $6260$aTübingen :$bMohr$9(OLS)http://pul/publisher/48065 LEADER 01539nam a2200337 u 4500 001 000000119642 003 CaOOAMICUS 005 20150706183356.0 008 100129t2009 it u000 u ita u 020 $a978-88-399-2872-6 040 $aPUL$bita$dReb 041 1 $aita$hger 100 1 $aBerger, Klaus,$d1940-2020.$0(OLS)http://pul/name/25353 240 10$aUrchristen : gründerjahre einer weltreligion$lItaliano.$0(OLS)http://pul/title/150549 245 12$aI cristiani delle origini :$bgli anni fondatori di una religione mondiale /$cKlaus Berger. 260 $aBrescia :$bQueriniana,$cİ2009. 300 $a370 p.$c21 cm 490 1 $aBooks 500 $aTraduzione dal tedesco di Armido Rizzi. 504 $aInclude riferimenti bibliografici ed indice. 650 4$aCristianesimo$xOrigini.$0(OLS)http://pul/subject/11957 700 1 $aRizzi, Armido.$0(OLS)http://pul/name/25274 830 0$aBooks.$0(OLS)http://pul/title/132285 850 $aPUL 852 $aPUL$W1$xSL Religione 3$y85$m270. 1 BERKL 1$j137272$qDDC 21$B136340$CPULBib$Z2$F136340 $H112024 $82 852 $aPUL$W1$xDP1 Fondo S. Lanza$y121$m3 F 73$j166964$qFondi$B167553$CPULBib$Z2$F167553 $HLAN1073 $82 941 1 $a1 941 1 $a9 996 $6020$a978-88-399-2872-6$9(OLS)http://pul/number/143160 996 $6245$aI cristiani delle origini :$bgli anni fondatori di una religione mondiale$9(OLS)http://pul/title/150547 996 $6260$aBrescia :$bQueriniana$9(OLS)http://pul/publisher/47906